Spoločný trh Juhu
Charakteristické znaky integrácie rozvojových krajín. MERCOSUR patrí v rámci Latinskej Ameriky k najdôležitejším integračným zoskupeniam regiónu, ktorý v súčasnosti združuje päť krajín Južnej Ameriky, z ktorých tri patria k piatim najväčším hospodárstvam Latinskej Ameriky. MERCOSUR a jeho celkové HD...
Salvato in:
| Autore principale: | |
|---|---|
| Natura: | Capitolo di libro |
| Lingua: | slovacco |
| Soggetti: | |
| Tags: |
Nessun Tag, puoi essere il primo ad aggiungerne!!
|
MARC
| LEADER | 00000nla a2200000 4500 | ||
|---|---|---|---|
| 001 | 0213242 | ||
| 005 | 20240502073541.9 | ||
| 041 | 0 | |a slo | |
| 044 | |a SK | ||
| 245 | 1 | 0 | |a Spoločný trh Juhu |c Boris Baumgartner |
| 520 | |a Charakteristické znaky integrácie rozvojových krajín. MERCOSUR patrí v rámci Latinskej Ameriky k najdôležitejším integračným zoskupeniam regiónu, ktorý v súčasnosti združuje päť krajín Južnej Ameriky, z ktorých tri patria k piatim najväčším hospodárstvam Latinskej Ameriky. MERCOSUR a jeho celkové HDP. | ||
| 610 | 2 | 0 | |a Latinská Amerika |
| 610 | 2 | 0 | |a Mercosur |
| 610 | 2 | 0 | |a zoskupenia integračné medzinárodné |
| 610 | 2 | 0 | |a spolupráca hospodárska medzinárodná |
| 610 | 2 | 0 | |a združenia hospodárske medzinárodné |
| 100 | 1 | |a Baumgartner, Boris | |